| 000 | 00384nam a22001217a 4500 | ||
|---|---|---|---|
| 999 |
_c516975 _d516975 |
||
| 082 | _aTNC T19x54 G237 | ||
| 100 |
_aGaur, Mandan _923851 |
||
| 245 |
_aRomance with radicalism : _bA critique on India's economic policy _cby Mandan Gaur |
||
| 260 |
_aBombay _bP.P.S.I. _c1992 |
||
| 300 | _a276p. | ||
| 650 |
_aIndia - Economic policy _926031 |
||
| 650 |
_aIndia - Economic conditions _926032 |
||